Music Quiz

Random Music or Song Quiz

Only One #1 Hit (U.S.) Quiz Stats

 Plays Quiz Updated Nov 4, 2015

Challenge
Share
Tweet
Embed
Score 0/30 Timer 07:00
0 Plays Today
Artist or Band #1 Hit Song % Correct
ABBADancing Queen
81.4%
a-haTake On Me
73.3%
Ricky MartinLivin' la Vida Loca
56.9%
Spice GirlsWannabe
55.9%
ShakiraHips Don't Lie
54.7%
SurvivorEye of the Tiger
54%
Van HalenJump
51.9%
Guns N' RosesSweet Child O' Mine
49.4%
Barenaked LadiesOne Week
47%
The PoliceEvery Breath You Take
45%
Rick SpringfieldJessie's Girl
43.2%
ColdplayViva la Vida
42.7%
fun.We Are Young
41%
AerosmithI Don't Want to Miss a Thing
35.7%
Pink FloydAnother Brick in the Wall (Part II)
35.4%
Artist or Band #1 Hit Song % Correct
Meat LoafI'd Do Anything for Love (But I Won't Do That)
35.3%
PoisonEvery Rose Has Its Thorn
30%
Avril LavigneGirlfriend
27.8%
Tina TurnerWhat's Love Got to Do With It
27.7%
NickelbackHow You Remind Me
26.7%
ForeignerI Want to Know What Love Is
24.3%
BostonAmanda
20.1%
Billy IdolMony Mony (Live)
19.3%
Fleetwood MacDreams
19.2%
GenesisInvisible Touch
14.9%
StyxBabe
12.7%
Eric ClaptonI Shot the Sheriff
12.4%
Jon Bon JoviBlaze of Glory
12.2%
Def LeppardLove Bites
10.5%
Bob SegerShakedown
6.5%

You're not logged in!

Compare scores with friends on all Sporcle quizzes.
OR
Log In

You Might Also Like...

Show Comments

Extras

Top Quizzes Today


Score Distribution

Your Account Isn't Verified!

In order to create a playlist on Sporcle, you need to verify the email address you used during registration. Go to your Sporcle Settings to finish the process.

Report this User

Report this user for behavior that violates our Community Guidelines.

Details: